History Quiz

Random History Quiz

Margaret Thatcher's last cabinet Quiz Stats

 Plays Quiz not verified by Sporcle

Challenge
Share
Tweet
Embed
Score 0/22 Timer 10:00
0 Plays Today
1990 % Correct
Prime MinisterMargaret Thatcher
97.9%
Chancellor of the ExchequerJohn Major
95.3%
Foreign SecretaryDouglas Hurd
82.1%
Education SecretaryKen Clarke
80%
Chief Secretary to the Treasury Norman Lamont
67.7%
Employment SecretaryMichael Howard
60.4%
Secretary of State for ScotlandMalcolm Rifkind
57.9%
Chancellor of the Duchy of LancasterKenneth Baker
54.5%
Home SecretaryDavid Waddington
48.1%
Transport SecretaryCecil Parkinson
48.1%
Environment SecretaryChris Patten
46%
1990 % Correct
Minister of Agriculture, Fisheries and Food John Gummer
43.8%
Trade and Industry SecretaryPeter Lilley
43.8%
Defence SecretaryTom King
40.9%
Health Secretary William Waldegrave
39.1%
Energy SecretaryJohn Wakeham
32.8%
Secretary of State for Northern IrelandPeter Brooke
31.5%
Lord President of the Council John MacGregor
25.1%
Social Security SecretaryTony Newton
25.1%
Secretary of State for Wales David Hunt
24.7%
Lord ChancellorLord Mackay of Clashfern
16.6%
Lord Privy SealLord Beldstead
15.3%

You're not logged in!

Compare scores with friends on all Sporcle quizzes.
OR
Log In

You Might Also Like...

Show Comments

Extras

Top Quizzes Today


Score Distribution

Your Account Isn't Verified!

In order to create a playlist on Sporcle, you need to verify the email address you used during registration. Go to your Sporcle Settings to finish the process.

Report this User

Report this user for behavior that violates our Community Guidelines.

Details: